Childbirth and authoritative knowledge : cross-cultural perspectives /

Бібліографічні деталі
Інші автори: Davis-Floyd, Robbie, Sargent, Carolyn Fishel, 1947-
Формат: Книга
Мова:English
Опубліковано: Berkeley : University of California Press, c1997.
Предмети:
Classic Catalogue: View this record in Classic Catalogue
LEADER 01486nam a2200313 a 4500
001 0017472
003 BD-DhAAL
008 090531s1997 caua b 001 0 eng d
010 |a  96048263  
020 |a 0520206258 (cloth : alk. paper) 
020 |a 0520207858 (pbk. : alk. paper) 
040 |a DLC  |c DLC  |d DLC  |d BD-DhAAL 
082 0 0 |a 392.12  |2 21 
245 0 0 |a Childbirth and authoritative knowledge :  |b cross-cultural perspectives /  |c edited by Robbie E. Davis-Floyd, Carolyn F. Sargent ; with a foreword by Rayna Rapp. 
260 |a Berkeley :  |b University of California Press,  |c c1997. 
300 |a xii, 510 p. :  |b ill. ;  |c 24 cm 
504 |a Includes bibliographical references and index. 
526 |a JPGSPH 
541 1 |e 0017472, 0017473  |a D. S. Books International 
650 0 |a Birth customs.  |9 38240 
650 0 |a Childbirth  |x Cross-cultural studies.  |9 58449 
650 0 |a Knowledge, Sociology of.  |9 1945 
700 2 |a Davis-Floyd, Robbie.  |9 58450 
700 1 |a Sargent, Carolyn Fishel,  |d 1947-  |9 40212 
852 4 |a Ayesha Abed Library   |c General Stacks 
942 |2 ddc  |c BK 
999 |c 1153  |d 1153 
952 |0 0  |1 0  |2 ddc  |4 0  |6 392_120000000000000_CHI_1997  |7 0  |9 9920  |a BRACUL  |b BRACUL  |c GEN  |d 2010-05-09  |e D. S. Books International  |l 0  |o 392.12 CHI  |p 3010017473  |r 2010-05-09  |t 2  |w 2010-05-09  |y BK  |x USD 28.95 
952 |0 0  |1 0  |2 ddc  |4 0  |6 392_120000000000000_CHI_1997  |7 0  |9 11618  |a BRACUL  |b BRACUL  |c GEN  |d 2010-07-07  |e D. S. Books International  |l 0  |o 392.12 CHI  |p 3010017472  |r 2010-07-07  |t 1  |w 2010-07-07  |y BK  |x USD 28.95